Normal view
MARC view
- Chartier, Germain
Entry Personal Name
001 - CONTROL NUMBER
- control field: 103876
003 - CONTROL NUMBER IDENTIFIER
- control field: NUST
005 - DATE AND TIME OF LATEST TRANSACTION
- control field: 20221201111609.0
008 - FIXED-LENGTH DATA ELEMENTS
- fixed length control field: 221201|| aca||aabn | a|a d
040 ## - CATALOGING SOURCE
- Original cataloging agency: NUST
- Transcribing agency: NUST
100 ## - HEADING--PERSONAL NAME
- Personal name: Chartier, Germain
670 ## - SOURCE DATA FOUND
- Source citation: Work cat.: (NUST)189263: Chartier, Germain., Introduction to optics / , c2005.
